| 000 | 00441nam a2200181Ia 4500 | ||
|---|---|---|---|
| 005 | 20240823012833.0 | ||
| 008 | 240823s9999||||xx |||||||||||||| ||und|| | ||
| 041 | _aENGLISH | ||
| 082 | _A621.3815 P3 | ||
| 100 | _a"Lee,Samuel C" | ||
| 245 | 0 | _aDigital Circuits and Logic Design | |
| 250 | _a1st | ||
| 260 |
_c2003 _b"PHI,New " _aNew Delhi |
||
| 500 | _aTRANSFERED | ||
| 650 |
_aCircuits _bElectronics |
||
| 942 | _cBK | ||
| 999 |
_c165536 _d165536 |
||